Srbija između istoka i zapada nauka, obrazovanje, kultura, umetnost : tematski zbornik u 4 knjige Knj. 4 Jezici balkana u komparativnom i interdisciplinarnom kontekstu

Bibliographic Details
Format: Book
Language:Serbian
English
PhysicalDescription:283 s. grafy, tab. 24 cm
Published: Beograd Filološki fakultet Univerziteta 2014
ISBN:9788661532108 (brož. : 4. knj.)
9788661532061 (súbor)
Subjects:

MARC

LEADER 00000nam a2200000 a 4500
001 vtls010968047
003 SK-MaSNL
005 20260302052903.0
008 160430s2014 rb f 000 0 srp
020 |a 9788661532108 (brož. : 4. knj.) 
020 |a 9788661532061 (súbor) 
040 |a SNK  |b slo  |c SNK  |e AACR2 
041 0 |a ser  |a eng  |b eng 
044 |a rb  |c RS 
072 7 |a 81  |x Lingvistika. Jazyky  |2 konspekt 
080 |a 811(495/498)  |2 2001 
080 |a 811.1/.9  |2 2001 
080 |a 81-111  |2 2001 
080 |a (048.8:082)  |2 2001 
245 0 0 |a Srbija između istoka i zapada  |b nauka, obrazovanje, kultura, umetnost : tematski zbornik u 4 knjige  |n Knj. 4  |p Jezici balkana u komparativnom i interdisciplinarnom kontekstu  |c urednici: Aleksandra Vraneš, Ljiljana Marković 
246 3 0 |a Jezici balkana u komparativnom i interdisciplinarnom kontekstu 
246 1 1 |a Serbia between the East and the West 
260 |a Beograd  |b Filološki fakultet Univerziteta  |c 2014 
300 |a 283 s.  |b grafy, tab.  |c 24 cm 
546 |a Res. angl. 
546 |a Text aj v angl. 
650 0 7 |a balkánske jazyky  |2 SNKPH  |9 67082 
650 0 7 |a jazyky  |2 SNKPH  |9 51577 
650 0 7 |a komparatívna lingvistika  |2 SNKPH  |9 3799 
650 0 7 |a Balkan Peninsula languages  |2 SNKPHeng  |9 710219 
650 0 7 |a Languages  |2 SNKPHeng  |9 266561 
650 0 7 |a Comparative linguistics  |2 SNKPHeng  |9 266090 
655 7 |a kolektívne monografie  |2 SNKPH  |9 249850 
655 7 |a Collective monographs  |2 SNKPHeng  |9 125747 
700 1 |a Vraneš, Aleksandra,  |d 1960-  |4 red  |9 426330 
700 1 |a Marković, Ljiljana,  |d 1953-  |4 red  |9 426331 
919 |a 978-83-6153-210-8 
999 |c 1107080  |d 1109010 
952 |a SNK  |b SNK  |y VYP  |7 0  |p 17A1174357  |o snkIC 142194/4  |i snk2015/31389  |8 2  |g 9.00  |0 0  |1 0  |4 0  |d 2015-10-22  |l 0  |r 2026-02-24 17:49:28  |w 2026-02-24